Cómo considerar la pobreza en las reformas de infraestructura : (Registro nro. 8570)
[ vista simple ]
| 000 -LEADER | |
|---|---|
| fixed length control field | 01536nam a2200325Ia 4500 |
| 003 - CONTROL NUMBER IDENTIFIER | |
| control field | OSt |
| 005 - DATE AND TIME OF LATEST TRANSACTION | |
| control field | 20210913150634.0 |
| 008 - FIXED-LENGTH DATA ELEMENTS--GENERAL INFORMATION | |
| fixed length control field | 210310s2004 ck ad fr 000 0 spa d |
| 020 ## - INTERNATIONAL STANDARD BOOK NUMBER | |
| International Standard Book Number | 958682473X |
| 040 ## - CATALOGING SOURCE | |
| Original cataloging agency | CO-JMCR |
| Transcribing agency | CO-JMCR |
| 041 1# - LANGUAGE CODE | |
| Language code of text/sound track or separate title | spa |
| Language code of original | eng |
| 082 04 - DEWEY DECIMAL CLASSIFICATION NUMBER | |
| Classification number | 339.46 / |
| Item number | E792c |
| Edition number | 23 |
| 100 1# - MAIN ENTRY--PERSONAL NAME | |
| Personal name | Estache, Antonio, |
| 9 (RLIN) | 17656 |
| Relator term | autor |
| 245 10 - TITLE STATEMENT | |
| Title | Cómo considerar la pobreza en las reformas de infraestructura : |
| Remainder of title | lecciones de la experiencia en América Latina / |
| Statement of responsibility, etc. | Antonio Estache, Vivien Foster, Quentin Wodon |
| 250 ## - EDITION STATEMENT | |
| Edition statement | Primera edición |
| 260 ## - PUBLICATION, DISTRIBUTION, ETC. | |
| Place of publication, distribution, etc. | Bogotá : |
| Name of publisher, distributor, etc. | Banco Mundial : Alfaomega, |
| Date of publication, distribution, etc. | 2004 |
| 300 ## - PHYSICAL DESCRIPTION | |
| Extent | xiv, 105 páginas : |
| Other physical details | ilustraciones y gráficas a blanco y negro ; |
| Dimensions | 23 cm. |
| 500 ## - GENERAL NOTE | |
| General note | Título original: Accounting for poverty in infrastructure reform : learning from Latin America's experience. |
| 504 ## - BIBLIOGRAPHY, ETC. NOTE | |
| Bibliography, etc. note | Bibliografía: páginas 109-105 |
| 505 0# - FORMATTED CONTENTS NOTE | |
| Formatted contents note | Vínculos macroeconómicos y microeconómicos entre las reformas de infraestructura y la pobreza -- Cómo se promueve el acceso -- Cómo se asegura la capacidad de pago -- Cómo se establecen las prioridades |
| 546 ## - LANGUAGE NOTE | |
| Language note | Traducido del inglés. |
| 650 14 - SUBJECT ADDED ENTRY--TOPICAL TERM | |
| Topical term or geographic name entry element | Servicios públicos |
| 9 (RLIN) | 17658 |
| Geographic subdivision | América Latina |
| 650 14 - SUBJECT ADDED ENTRY--TOPICAL TERM | |
| Topical term or geographic name entry element | Pobreza |
| Geographic subdivision | América Latina |
| 9 (RLIN) | 9840 |
| 650 24 - SUBJECT ADDED ENTRY--TOPICAL TERM | |
| Topical term or geographic name entry element | Infraestructura (Economía) |
| Geographic subdivision | América Latina |
| 9 (RLIN) | 40305 |
| 650 24 - SUBJECT ADDED ENTRY--TOPICAL TERM | |
| Topical term or geographic name entry element | Privatización |
| Geographic subdivision | América Latina |
| 9 (RLIN) | 40306 |
| 651 #4 - SUBJECT ADDED ENTRY--GEOGRAPHIC NAME | |
| Geographic name | América Latina |
| General subdivision | Política económica |
| 9 (RLIN) | 36232 |
| 700 1# - ADDED ENTRY--PERSONAL NAME | |
| Personal name | Foster, Vivien, |
| Relator term | autor |
| 9 (RLIN) | 39845 |
| 700 1# - ADDED ENTRY--PERSONAL NAME | |
| Personal name | Wodon, Quentin, |
| Relator term | autor |
| 9 (RLIN) | 40307 |
| 942 ## - ADDED ENTRY ELEMENTS (KOHA) | |
| Source of classification or shelving scheme | Dewey Decimal Classification |
| Koha item type | Books |
| Withdrawn status | Lost status | Source of classification or shelving scheme | Damaged status | Not for loan | Collection code | Home library | Current library | Date acquired | Source of acquisition | Total Checkouts | Full call number | Barcode | Date last seen | Date last checked out | Copy number | Koha item type |
|---|---|---|---|---|---|---|---|---|---|---|---|---|---|---|---|---|
| Dewey Decimal Classification | Non-fiction | Biblioteca Pública José María del Castillo y Rada | Biblioteca Pública José María del Castillo y Rada | 04/15/2018 | Donación | 2 | 339.46 / E792c | 430006257 | 05/29/2024 | 05/28/2024 | Ej.1 | Books |